01425cam a2200337 a 45000010009000000050017000090080041000260100017000670200015000840350023000990400018001220420014001400430012001540500021001660820022001871000025002092450062002342600047002963000026003435040051003696100026004206500031004466510073004777000031005508560091005818560092006728560106007649420012008709990017008829520188008991356105720070514135603.0040416s2004 enk b 001 0 eng d a 2004298986 a0199252483 a(OCoLC)ocm54367980 aNOCcNOCdDLC alccopycat ae------00aJN15b.W495 200400a341.2422222bWIE1 aWiener, Antje.9818910aEuropean integration theory /cAntje Wiener, Thomas Diez. aOxford :bOxford University Press,cc2004. axvi, 290 p. ;c25 cm. aIncludes bibliographical references and index.20aEuropean Union.98190 0aEuropean federation.98191 0aEuropean Union countriesxPolitics and governmentxPhilosophy.981921 aDiez, Thomas,d1970-98193423Publisher descriptionuhttp://www.loc.gov/catdir/enhancements/fy0620/2004298986-d.html413Table of contents onlyuhttp://www.loc.gov/catdir/enhancements/fy0620/2004298986-t.html423Contributor biographical informationuhttp://www.loc.gov/catdir/enhancements/fy0723/2004298986-b.html 2ddccBB c12446d12446 00102ddc40708Donation-GaMAINbMAINc1STd2009-07-28eDonationl7m7o341.2422 WIEp000017605q2022-09-18r2022-07-28 00:00:00s2022-07-28yBBzDonations - Dr. Bassem Ahmed Hassan